Medikamentózna liečba karcinómu močového mechúra liečebné postupy závisia od hĺbky infiltrácie steny močového mechúra

Bibliographic Details
Main Authors: Ondruš, Dalibor, 1953- (Author), Bárdoš, Augustín, 1950-2016 (Author), Horňák, Michal, 1929-2016 (Author)
Format: Article
Language:Slovak
PhysicalDescription:Obr.
Subjects:

MARC

LEADER 00000nab a2200000 a 4500
001 vtls000673871
003 SK-MaSNL
005 20260304030519.0
008 140303c1998 xo 0 slo
015 |a SNBRB1998/09-26009 
035 |a CLN000026047 
040 |a SNKBUCL  |b slo  |c SNKBUCL  |e AACR2 
041 0 |a slo 
044 |a xo  |c SK 
080 |a 616.62-006.6-085  |2 1997 
080 |a 615.277  |2 1997 
100 1 |a Ondruš, Dalibor,  |d 1953-  |4 aut  |9 102851 
245 1 0 |a Medikamentózna liečba karcinómu močového mechúra  |b liečebné postupy závisia od hĺbky infiltrácie steny močového mechúra  |c Dalibor Ondruš, Augustín Bárdoš, Michal Horňák 
300 |b Obr. 
650 0 7 |a karcinómy  |2 SNKPH  |9 236564 
650 0 7 |a farmakoterapia  |2 SNKPH  |9 14158 
650 0 7 |a močový mechúr  |2 SNKPH  |9 70115 
655 7 |a články z novín a časopisov  |2 SNK  |9 267496 
700 1 |a Bárdoš, Augustín,  |d 1950-2016  |4 aut  |9 201350 
700 1 |a Horňák, Michal,  |d 1929-2016  |4 aut  |9 25820 
773 0 |t Zdravotnícke noviny  |g Roč. 3, č. 33 (1998) 
773 0 |t [Príl.] Lekárske listy  |g Č. 33 (1998), s. 10 a 12 
850 |a Slovenská národná knižnica v Martine 
852 |a SNK  |b KIS3GCP 
992 |a RBX 
999 |c 2634437  |d 2636367